Statistics for Norske Byer

Click here to take the quiz!

General Stats

  • This quiz has been taken 692 times
  • The average score is 43 of 105

Answer Stats

SidenBy% Correct
1048Oslo
99%
1070Bergen
97%
997Trondheim
94%
1641Kristiansand
93%
1125Stavanger
92%
1794Tromsø
88%
1816Bodø
81%
1823Ålesund
78%
1742Kristiansund
78%
1811Drammen
75%
1742Molde
75%
1848Hamar
74%
1567Fredrikstad
73%
1827Lillehammer
73%
2004Ski
69%
1999Alta
68%
1723Arendal
67%
1854Haugesund
66%
1000-talletTønsberg
66%
1358Skien
64%
1789Hammerfest
60%
1997Lillestrøm
60%
1923Mo i Rana
60%
1860Sandnes
60%
1999Sandnessjøen
60%
1998Kirkenes
59%
1671Larvik
59%
1720Moss
59%
1652Porsgrunn
59%
1845Sandefjord
58%
1016Sarpsborg
58%
1665Halden
57%
1901Narvik
57%
1791Grimstad
55%
1624Kongsberg
53%
1903Harstad
52%
1860Gjøvik
51%
1646Røros
51%
1854Kongsvinger
49%
1789Vardø
48%
1996Elverum
47%
1833Vadsø
47%
1997Førde
46%
1779Mandal
46%
1851Hønefoss
44%
1857Steinkjer
44%
1857Horten
43%
1845Namsos
43%
2012Jessheim
42%
1874Mosjøen
41%
1821Lillesand
40%
1860Florø
39%
1666Kragerø
39%
1723Risør
39%
1798Egersund
37%
1836Levanger
34%
1996Askim
33%
1842Drøbak
33%
1842Flekkefjord
33%
1918Svolvær
32%
1912Notodden
31%
1923Brønnøysund
30%
1998Fauske
30%
2003Sandvika
30%
2004Odda
29%
2001Bryne
28%
2000Otta
28%
1836Tvedestrand
28%
1996Åndalsnes
27%
1744Holmestrand
27%
1996Honningsvåg
27%
1996Rjukan
26%
2002Hokksund
24%
2014Orkanger
24%
1997Sortland
24%
1942Stavern
24%
1997Stord
23%
1795Farsund
21%
1996Mysen
21%
2000Finnsnes
20%
2010Brumunddal
19%
2007Fagernes
19%
2002Lyngdal
19%
2019Raufoss
18%
1866Kopervik
17%
1999Sauda
17%
2002Leknes
16%
2010Moelv
16%
2013Vinstra
16%
1997Måløy
15%
1765Langesund
14%
2000Ulsteinvik
14%
1845Brevik
13%
1998Jørpeland
13%
1774Stathelle
12%
2000Stokmarknes
12%
1752Åsgårdstrand
11%
1845Svelvik
11%
2005Brekstad
10%
2002Kolvereid
10%
1857Skudeneshavn
10%
1997Stjørdalshalsen
8%
1998Verdalsøra
8%
2002Åkrehamn
7%
2000Fosnavåg
5%

Score Distribution

Percentile by Number Answered

Percent of People with Each Score

Your Score History

You have not taken this quiz